Online Catalogue and eLibrary

Apedaruvanta siduvanne kumakktha (Record no. 1526)

MARC details
000 -LEADER
fixed length control field 00433nam a2200157Ia 4500
005 - DATE AND TIME OF LATEST TRANSACTION
control field 20250606024320.0
008 - FIXED-LENGTH DATA ELEMENTS--GENERAL INFORMATION
fixed length control field 240331s9999 xx 000 0 und d
020 ## - INTERNATIONAL STANDARD BOOK NUMBER
ISBN 9559111027
082 ## - DDC Classification
Item Number - Author Mark ABE
Class No. 305
100 ## - MAIN ENTRY--PERSONAL NAME
Personal name Abesekera, M
245 #0 - TITLE STATEMENT
Title Apedaruvanta siduvanne kumakktha
260 ## - PUBLICATION, DISTRIBUTION, ETC.
Place of publication, distribution, etc. Dehiwala
Name of publisher, distributor, etc. Democratic rights
Date of publication, distribution, etc. 1993
300 ## - PHYSICAL DESCRIPTION
Extent (e.g. Volumes, Pages etc.) 106 p .,
500 ## - GENERAL NOTE
General note A Statement from the movement to protect democratic rights
942 ## - Koha item type (Biblio)
Koha item type Books in Stacks (Lending)
Holdings
Lost status Damaged status Collection code Home library Current library Shelving location Date acquired Full call number Accession Number Item type
    Lending WERC Library WERC Library Social Science Cupboard 03/31/2024 305.23 ABE 3348 Books in Stacks (Lending)

© WERC Library